00373nam a2200157Ia 450000500170000000800410001704000190005804100120007708200170008910000240010624500340013026000120016430000100017665000190018685000100020520230320121150.0131103s9999 xx 000 0 und d aLoreto College aEnglish a891.441bDUT aDutta, Satendranath aTirtha SalilcDutta, Satendra aKolkata a190p  aBengali Poetry aLCLIB